MDQL
is popping MORE tags! Check the
thread
!
Quizzes
Events
Quiz Creation
Community
Videos
Private Events
Remove Ads
Sign In
Join for FREE
Feedback
Dark Mode
Quiz Categories
Sports
Geography
Music
Movies
Television
Just For Fun
Miscellaneous
History
Literature
Language
Science
Gaming
Entertainment
Religion
Holiday
For Kids
Quiz Lab
Recent
Popular Today
Quiz Kudos Today
Editor Picks
Curator Picks
Quizzes by...
Day
Popularity
Type
Ratings
Length
Year
Community
Subscriptions
Recent Discussions
Orange Saloon
Badges
Playlists
Quests
Create
Leaderboards
Showdown
Live 5
Trivia Bingo
Activity
Puzzle Library
Sporcle Events
Private Events
Virtual Trivia
Globe League
Become a Host
Pub Owners
SporcleCon
Opinionation
Our Games
Videos
Blog
Mobile Apps
Partnerships
Remove Ads and Go Orange
Feedback
Music
Pop Music
The Beatles
Song
Album
Lyrics
Bands
Singers
Artist
Clip
Rock
Rap
Classical
Billboard
Country Music
Kpop
Taylor Swift
Music
Pop Music
The Beatles
Song
Album
Lyrics
Bands
Singers
Artist
Clip
Rock
Rap
Classical
Billboard
Country Music
Kpop
Taylor Swift
Random Quiz
Search Sporcle
×
Quiz Lab
Quiz Lab
Music
Bands
Type in answers that appear in a list
Type in answers that appear in a list
Classic
Best Score? Go Orange.
People on the cover of Sgt. Pepper's Stats
Can you name the People on the cover of Sgt. Pepper's Lonely Heart's Club Band?
By
Wilk
10m
68 Questions
162 Plays
162 Plays
162 Plays
Comments
Comments
Give Quiz Kudos
Give Quiz Kudos
-
- Ratings
hide this ad
More Info
Replay
Link that replays current quiz
Next Quiz
Link to next quiz in quiz playlist
You Got
0%
They Got
Avg Score
31%
Avg Friend Score
Upgrade to see
Score Distribution
Jump to the score distribution portion of the page
Score
0/68
Timer
10:00
0
Plays Today
Name
% Correct
John Lennon
96.3%
Ringo Starr
96.3%
John Lennon
96.3%
Ringo Starr
96.3%
George Harrison
95.7%
Paul McCartney
95.7%
Paul McCartney
95.7%
George Harrison
95.7%
Marilyn Monroe
80.9%
Bob Dylan
76.5%
Shirley Temple
64.2%
Shirley Temple
64.2%
Oliver Hardy
56.2%
Marlon Brando
53.1%
Karl Marx
52.5%
Stan Laurel
50.6%
Sigmund Freud
46.9%
Edgar Allan Poe
46.3%
Albert Einstein
45.1%
W. C. Fields
43.2%
Stuart Sutcliffe
38.9%
T. E. Lawrence
36.4%
Mae West
35.8%
Oscar Wilde
30.2%
Aleister Crowley
28.4%
Johnny Weissmuller
28.4%
Sonny Liston
24.7%
Fred Astaire
24.1%
Lenny Bruce
22.2%
Tony Curtis
19.8%
Tom Mix
19.1%
Marlene Dietrich
19.1%
A Petty Girl
17.3%
A Petty Girl
17.3%
Name
% Correct
Dr. David Livingstone
16.7%
Carl Gustav Jung
16%
Diana Dors
16%
Dylan Thomas
15.4%
Dion
14.2%
The Vargas Girl
13.6%
Lewis Carroll
12.3%
Sir Robert Peel
11.7%
Max Miller
11.7%
Larry Bell
11.7%
Sri Yukteswar Giri
11.1%
Aldous Huxley
11.1%
H. G. Wells
11.1%
George Bernard Shaw
11.1%
Bobby Breen
10.5%
Aubrey Beardsley
9.3%
Tommy Handley
8.6%
Karlheinz Stockhausen
8%
William S. Burroughs
8%
Tyrone Power
8%
Terry Southern
7.4%
Sri Paramahansa Yogananda
7.4%
Albert Stubbins
7.4%
Huntz Hall
6.8%
Simon Rodia
6.8%
Richard Lindner
6.8%
Issy Bonn
6.8%
An American legionnaire
6.8%
Richard Merkin
6.2%
Wallace Berman
6.2%
Stephen Crane
6.2%
H. C. Westermann
5.6%
Sri Mahavatar Babaji
4.3%
Sri Lahiri Mahasaya
4.3%
Quiz Playlist
Details
Report
Send in Message
Add To Playlist
More Info:
http://www.oxforddnb.com/public/sgtpepper/
Classic:
Type in answers that appear in a list
Quiz Source
Last Updated: Feb 16, 2017
Quiz Scoreboard
CHALLENGE
Sign Up to Join the Scoreboard
Show All
Scores
Hide
Comments
May contain spoilers
Recently Published
1-10 Letter E Words III
by El_Dandy
Language
2m
Street Fighter Characters
by Artimus82
Gaming
60s
College Basketball Coaching Resumes
by pancakes188
Sports
9m
More to Explore
Quiz From the Vault
Featured Blog Post
Where Did the Easter Bunny Come From?
hide this ad
You Might Also Like...
Tags
Bands Quiz
club
Club Band
Cover
heart
Lonely
Pepper
sgt
Sgt Pepper
Today's Top Quizzes in Music
Browse Music
hide this ad
Today's Top Quizzes in Bands
Browse Bands
Top Contributed Quizzes in Music
1
Taylor Swift All Songs (2024)
2
Taylor Swift Logic Puzzle
3
Guess the Artist- 70s Songs
4
7-to-1: Billboard Hot 100 #1 Hits of 2010s
5
Sorting Albums and Songs
6
KPOP LOGIC QUIZ
7
Billboard Blitz: Aretha Franklin
8
Guess the Taylor Swift song (Mystery Song)
9
Guess The Taylor Swift Lyrics Song #1
10
Billboard Blitz: ABBA
Explore More
Trending Topics
Kpop
Marvel
Disney
NBA
Crossword
Harry Potter
Anime
Soccer
Pokémon
WWE
Song
The Office
Country
Puzzle
NFL
hide this ad
More By:
Wilk
Quiz
Plays
Rating
Category
Featured
Created
US Largest Libraries
38,823
4.22
Miscellaneous
Sep 26, 2009
U.S. Interstate Control Cities
5,316
4.62
Geography
Nov 10, 2009
Cormac McCarthy Novels
3,757
4.37
Literature
Sep 26, 2009
U.S. Interstate Control Cities 2
3,088
4.50
Geography
Nov 10, 2009
U.S. Interstate Interchanges
1,781
4.52
Geography
Nov 11, 2009
Go to Creator's Profile
Score Distribution
Quiz Creator Spotlight
Wilk
Follow
Send a Message
Quizzes Created
-
Created Quiz Play Count
-
More By This Creator
Popular Quizzes Today
1
Find the US States - No Outlines Minefield
2
Find the Countries of Europe - No Outlines Minefield
3
The Countries of the World
4
Find the US States
5
Risky Map Clicking: Biggest States A-Z
6
US States
7
Popular People in 1961
8
Movies - When Are They Set?
More Music Quizzes
8 to 1: Common Nouns in Song Titles
Published
Trending Quizzes
Risky Map Clicking: Least Populous States A-Z
1-10 Letter G Words
1-10 Letter F Words
Countries of the World: 200 Million BC
Risky Map Clicking: Next State Alphabetically
Recently Updated
Beyoncé Albums
pecheneg
Leaping Animals
pecheneg
Reality TV Shows (A-Z)
bhenderson79
Rickey Henderson's Hall of Fame Teammates
pecheneg
Champions League XIs: Arsenal
pecheneg
Quick Pick: Celebrities in WWE's Hall of Fame
aduchscher
A-Z Keypad Blitz II
pecheneg
Multiple Oscar Actors
pecheneg
Mystery Phrase Blitz: Oscar 'Best Actors'
pecheneg
F. Scott Fitzgerald Novels
LTH
Trending Topics
NBA
Crossword
Disney
Harry Potter
Anime
Kpop
Marvel
Song
The Office
Pokémon
NFL
Country
Puzzle
Soccer
WWE
Your Account Isn't Verified!
In order to create a playlist on Sporcle, you need to verify the email address you used during registration. Go to your
Sporcle Settings
to finish the process.
Report this User
Report this user for behavior that violates our
Community Guidelines
.
Details:
Send Report
Go to the Sporcle.com Mobile Site →
Comments